Boundaries of religion : (Record no. 1848134)

MARC details
000 -LEADER
fixed length control field 00500cam a2200169 i 4500
003 - CONTROL NUMBER IDENTIFIER
control field OSt
005 - DATE AND TIME OF LATEST TRANSACTION
control field 20260409102717.0
008 - FIXED-LENGTH DATA ELEMENTS--GENERAL INFORMATION
fixed length control field 121220s2013 ii b 001 0 eng d
020 ## - INTERNATIONAL STANDARD BOOK NUMBER
International Standard Book Number 9780198090403
040 ## - CATALOGING SOURCE
Language of cataloging eng
Transcribing agency HDL
082 04 - DEWEY DECIMAL CLASSIFICATION NUMBER
Classification number 294.5 Q3
245 10 - TITLE STATEMENT
Title Boundaries of religion :
Remainder of title essays on Christianity, ethnic conflict, and violence /
Statement of responsibility, etc. Rowena Robinson.
264 #1 - PRODUCTION, PUBLICATION, DISTRIBUTION, MANUFACTURE, AND COPYRIGHT NOTICE
Place of production, publication, distribution, manufacture New Delhi :
Name of producer, publisher, distributor, manufacturer Oxford University Press,
Date of production, publication, distribution, manufacture, or copyright notice 2013.
300 ## - PHYSICAL DESCRIPTION
Extent xx, 299 pages
942 ## - ADDED ENTRY ELEMENTS (KOHA)
Source of classification or shelving scheme Colon Classification (CC)
Koha item type Textual
Suppress in OPAC No
Holdings
Withdrawn status Lost status Source of classification or shelving scheme Damaged status Not for loan Home library Current library Date acquired Total Checkouts Date last seen Price effective from Koha item type
    Colon Classification (CC)     Department of History Library Department of History Library 2026-04-09   2026-04-09 2026-04-09 Textual
Copyright @ Delhi University Library System